000
00197nam a22000857a 4500
100
_a
Yadav,Rakesh
_9
80969
245
_a
SSC Mathematics 1999-2020
260
_a
Delhi
_b
Rakesh yadav Readers
942
_c
BK
999
_c
64182
_d
64182